All AK-47 Skins in Counter Strike 2 - Statistics

General Stats
  • This quiz has been taken 108 times
    76 since last reset
  • The average score is 33 of 56
Answer Stats
Picture Answer % Correct
Asiimov
100%
Fire Serpent
86%
Vulcan
85%
Bloodsport
83%
Cartel
83%
Case Hardened
83%
Neon Rider
83%
Redline
83%
The Empress
81%
Wild Lotus
80%
Fuel Injector
78%
Safari Mesh
78%
X-Ray
78%
Gold Arabesque
75%
Jaguar
75%
Aquamarine Revenge
73%
Blue Laminate
73%
Elite Build
71%
Inheritance
71%
Red Laminate
71%
Green Laminate
69%
Nightwish
69%
Slate
69%
Frontside Misty
68%
Ice Coaled
68%
Legion of Anubis
68%
Neon Revolution
64%
Black Laminate
63%
Default AK-47
63%
Head Shot
61%
Wasteland Rebel
61%
B the Monster
58%
Point Disarray
58%
The Oligarch
58%
Safety Net
56%
Leet Museo
53%
Uncharted
53%
Hydroponic
51%
Rat Rod
51%
Jet Set
44%
The Outsiders
44%
Phantom Disruptor
42%
Panthera onca
39%
Emerald Pinstripe
37%
Midnight Laminate
37%
Orbit Mk01
34%
Searing Rage
32%
Steel Delta
32%
Crossfade
31%
Jungle Spray
29%
Olive Polycam
27%
Predator
27%
Wintergreen
27%
First Class
25%
Nouveau Rouge
24%
Baroque Purple
19%
No matching quizzes found
Score Distribution
Percent of People with Each Score
Percentile by Number Answered
Your Score History
You have not taken this quiz since the last reset